000 00331nam a2200157Ia 4500
100 _aBhattacharyya/Basudeb
942 _cBK
366 _f20
654 _amechanics
245 _aEngineering Mechanics
260 _bOxford Higher Education
_c2008
082 _a620.1
_bBHA
300 _a832
546 _aENGLISH
999 _c19016
_d19016